|
|
|
|
| LEADER |
00000nam a22000007i 4500 |
| 001 |
IT\ICCU\RAV\0093879 |
| 003 |
ItRI |
| 005 |
20250904210535.0 |
| 008 |
900308s1977 it |||||| ||||| |||||c |
| 015 |
|
|
|2 IT
|a 775113
|
| 040 |
|
|
|b ita
|c ct
|
| 041 |
|
7 |
|a ita
|2 ISO-639-2
|
| 082 |
|
|
|a 852.914
|2 23
|
| 100 |
1 |
|
|a Testori, Giovanni
|0 IT\ICCU\CFIV\000737
|4 aut
|
| 240 |
1 |
0 |
|a Edipus
|9 Testori, Giovanni
|
| 245 |
1 |
0 |
|a Edipus /
|c Giovanni Testori.
|
| 260 |
|
|
|a Milano :
|b Rizzoli,
|c 1977
|
| 300 |
|
|
|a 80 p. ;
|c 23 cm.
|
| 650 |
|
7 |
|a Testori, Giovanni
|x Opere teatrali
|2 scbi
|
| 942 |
|
|
|2 ddc
|c BK
|
| 952 |
|
|
|0 0
|1 0
|2 ddc
|4 0
|6 B_LTR05TESGIEDI11
|7 0
|9 5883
|a MI
|b MI
|d 1987-07-30
|i 455
|l 0
|o B-LTR05-TESGI-EDI11
|p CDOM455
|r 2025-07-13 16:28:00
|w 2025-07-13
|x ACQUISTO
|y BK
|
| 981 |
|
1 |
|6 z01
|a i
|b xxxe
|
| 982 |
|
1 |
|6 z01
|a n
|
| 999 |
|
|
|c 4698
|d 4698
|